Analýza prostredia podniku ako faktor konkurenčného úspechu

Salvato in:
Dettagli Bibliografici
Autore principale: Hurný, František
Natura: Capitolo di libro
Lingua:slovacco
Tags: Aggiungi Tag
Nessun Tag, puoi essere il primo ad aggiungerne!!

MARC

LEADER 00000nla a2200000 4500
001 0210421
005 20240502073514.2
041 0 |a slo 
044 |a SK 
245 1 0 |a Analýza prostredia podniku ako faktor konkurenčného úspechu  |c František Hurný 
500 |a Abstrakt 
100 1 |a Hurný, František